[Event "Salon de Provence op 3rd"]
[Site "Salon de Provence"]
[Date "2008.04.18"]
[Round "7"]
[White "Kolb, Sebastien"]
[Black "Artiaga, Harold"]
[Result "1/2-1/2"]
[WhiteElo "2175"]
[BlackElo "1660"]
[PlyCount "87"]
[EventDate "2008.04.14"]
[EventType "swiss"]
[EventRounds "7"]
[EventCountry "FRA"]
[SourceTitle "CBM 123 Extra"]
[Source "ChessBase"]
[SourceDate "2008.05.06"]
[SourceVersion "1"]
[SourceVersionDate "2008.05.06"]
[SourceQuality "1"]

1. e4 d5 2. exd5 Qxd5 3. Nc3 Qa5 4. d4 Nf6 5. Nf3 Bf5 6. Bc4 c6 7. Ne5 e6 8. g4 Be4 9. f3 Bd5 10. Bd3 Nbd7 11. Nxd7 Nxd7 12. Bd2 Bb4 13. Qe2 0-0-0 14. a3 e5 15. 0-0 Bxc3 16. bxc3 Qc7 17. c4 Be6 18. f4 e4 19. Bxe4 Nf6 20. f5 Rxd4 21. Bf4 Bxc4 22. Qf3 Qd7 23. Rfe1 Nxe4 24. Rxe4 Bd5 25. Rxd4 Bxf3 26. Rxd7 Kxd7 27. h3 Re8 28. Kf2 Be4 29. Rd1+ Kc8 30. Re1 Kd7 31. c3 c5 32. Rd1+ Kc8 33. Be3 b6 34. Bg5 Bc6 35. Rd6 Bb5 36. h4 Re2+ 37. Kf3 f6 38. Be3 Ra2 39. g5 fxg5 40. hxg5 Kc7 41. Bf4 Bc6+ 42. Ke3 Kb7 43. f6 gxf6 44. gxf6 1/2-1/2

[Event "Salon de Provence op 3rd"]
[Site "Salon de Provence"]
[Date "2008.04.17"]
[Round "6"]
[White "Artiaga, Harold"]
[Black "Sartre, Guilhem"]
[Result "1-0"]
[WhiteElo "1660"]
[BlackElo "1330"]
[PlyCount "99"]
[EventDate "2008.04.14"]
[EventType "swiss"]
[EventRounds "7"]
[EventCountry "FRA"]
[SourceTitle "CBM 123 Extra"]
[Source "ChessBase"]
[SourceDate "2008.05.06"]
[SourceVersion "1"]
[SourceVersionDate "2008.05.06"]
[SourceQuality "1"]

1. g3 Nc6 2. Bg2 d5 3. d3 e5 4. Nd2 Bc5 5. e4 d4 6. Ne2 Nge7 7. 0-0 0-0 8. f4 f5 9. h3 Ng6 10. exf5 Bxf5 11. g4 Bd7 12. f5 Nh4 13. Bh1 Nxf5 14. Ne4 Bb6 15. gxf5 Bxf5 16. Bg5 Qd7 17. Nf2 Bxh3 18. Nxh3 Qxh3 19. Bg2 Qg4 20. Bd2 Rxf1+ 21. Kxf1 Rf8+ 22. Kg1 Rf6 23. Be1 Ba5 24. Ng3 Qf4 25. Qh5 Qe3+ 26. Kh2 Rh6 27. Qxh6 Qxh6+ 28. Kg1 Bxe1 29. Rxe1 Qh4 30. Bd5+ Kf8 31. Rf1+ Ke8 32. Kg2 Nb4 33. Bxb7 Nxc2 34. Bc6+ Ke7 35. Nf5+ Ke6 36. Nxh4 Ne3+ 37. Kg1 Nxf1 38. Kxf1 g5 39. Nf3 Kf5 40. Kg2 h5 41. Nd2 Kf4 42. Nc4 g4 43. b4 h4 44. b5 Kf5 45. a4 Ke6 46. a5 Ke7 47. b6 cxb6 48. Nxb6 Kd6 49. Be4 axb6 50. a6 1-0

[Event "Salon de Provence op 3rd"]
[Site "Salon de Provence"]
[Date "2008.04.16"]
[Round "4"]
[White "Artiaga, Harold"]
[Black "Artiaga, Romain"]
[Result "1/2-1/2"]
[WhiteElo "1660"]
[BlackElo "2002"]
[PlyCount "45"]
[EventDate "2008.04.14"]
[EventType "swiss"]
[EventRounds "7"]
[EventCountry "FRA"]
[SourceTitle "CBM 123 Extra"]
[Source "ChessBase"]
[SourceDate "2008.05.06"]
[SourceVersion "1"]
[SourceVersionDate "2008.05.06"]
[SourceQuality "1"]

1. e4 e5 2. Nf3 Nc6 3. Bb5 a6 4. Bxc6 dxc6 5. d4 exd4 6. Qxd4 Qxd4 7. Nxd4 Bc5 8. Nb3 Bb6 9. Nc3 Be6 10. Bf4 0-0-0 11. 0-0 Ne7 12. Rfe1 c5 13. Rad1 Nc6 14. Nd5 Bxd5 15. exd5 Nd4 16. Nxd4 cxd4 17. Re7 Rxd5 18. Rxf7 g5 19. Bg3 h5 20. h4 Re8 21. Kf1 g4 22. Rh7 Rf5 23. Rd2 1/2-1/2

[Event "Montpellier op"]
[Site "Montpellier"]
[Date "2007.12.26"]
[Round "1"]
[White "Artiaga, Harold"]
[Black "Vaklinov, Vasil"]
[Result "0-1"]
[WhiteElo "1610"]
[BlackElo "2181"]
[PlyCount "76"]
[EventDate "2007.12.26"]
[EventType "swiss"]
[EventRounds "7"]
[EventCountry "FRA"]
[SourceTitle "CBM 122 Extra"]
[Source "ChessBase"]
[SourceDate "2008.03.04"]
[SourceVersion "1"]
[SourceVersionDate "2008.03.04"]
[SourceQuality "1"]

1. g3 d5 2. Bg2 Nf6 3. d3 c6 4. Nd2 e5 5. e4 Bg4 6. Ne2 Bc5 7. h3 Be6 8. Nc3 0-0 9. 0-0 Nbd7 10. Qe2 Re8 11. Kh2 Qc7 12. a3 a5 13. Rd1 b5 14. Nb3 Bd6 15. exd5 Nxd5 16. Ne4 Be7 17. Rf1 h6 18. Bd2 a4 19. Nc1 f5 20. Nc3 N7f6 21. f4 Bd6 22. fxe5 Bxe5 23. Qf3 Rf8 24. N1e2 Rae8 25. Rae1 g5 26. Nxd5 Nxd5 27. Bc3 Nxc3 28. Nxc3 Bd7 29. Re2 g4 30. Qf2 f4 31. Rxe5 Qxe5 32. gxf4 Qh5 33. Qg3 Kh8 34. Ne4 Re7 35. Qe3 gxh3 36. Bf3 Qh4 37. Qd4+ Rg7 38. Rg1 Qxf4+ 0-1